The new information literacy instruction : (Record no. 22398)
[ view plain ]
| 000 -LEADER | |
|---|---|
| fixed length control field | 02821cam a22003375a 4500 |
| 001 - CONTROL NUMBER | |
| control field | 18798560 |
| 005 - DATE AND TIME OF LATEST TRANSACTION | |
| control field | 20160925161410.0 |
| 008 - FIXED-LENGTH DATA ELEMENTS--GENERAL INFORMATION | |
| fixed length control field | 150929s2016 mdua frb 001 0 eng d |
| 010 ## - LIBRARY OF CONGRESS CONTROL NUMBER | |
| LC control number | 2015025833 |
| 020 ## - INTERNATIONAL STANDARD BOOK NUMBER | |
| International Standard Book Number | 9781442257931 (pbk.) |
| 020 ## - INTERNATIONAL STANDARD BOOK NUMBER | |
| International Standard Book Number | 1442257938 (pbk.) |
| 040 ## - CATALOGING SOURCE | |
| Original cataloging agency | DLC |
| Language of cataloging | eng |
| Transcribing agency | DLC |
| Modifying agency | EG-ScBUE |
| 042 ## - AUTHENTICATION CODE | |
| Authentication code | pcc |
| 043 ## - GEOGRAPHIC AREA CODE | |
| Geographic area code | n-us--- |
| 082 04 - DEWEY DECIMAL CLASSIFICATION NUMBER | |
| Edition number | 22 |
| Classification number | 028.7071173 |
| Item number | NEW |
| 245 04 - TITLE STATEMENT | |
| Title | The new information literacy instruction : |
| Remainder of title | best practices / |
| Statement of responsibility, etc | edited by Patrick Ragains, M. Sandra Wood. |
| 260 ## - PUBLICATION, DISTRIBUTION, ETC. (IMPRINT) | |
| Place of publication, distribution, etc | Lanham, Maryland : |
| Name of publisher, distributor, etc | Rowman & Littlefield, |
| Date of publication, distribution, etc | c.2016. |
| 300 ## - PHYSICAL DESCRIPTION | |
| Extent | xiii, 230 p.: |
| Other physical details | ill. ; |
| Dimensions | 24 cm. |
| 490 0# - Series Statement | |
| Series statement | Best practices in library services |
| 500 ## - GENERAL NOTE | |
| General note | Index : p. 217-223. |
| 504 ## - BIBLIOGRAPHY, ETC. NOTE | |
| Bibliography, etc | Includes bibliographical references. |
| 505 0# - FORMATTED CONTENTS NOTE | |
| Formatted contents note | Think like a researcher : integrating the research process into the introductory composition curriculum / Susan Mikkelsen and Elizabeth McMunn-Tetangco -- Pairing course assessment with library instruction assessment of freshmen composition : a collaborative project / Heidi Slater, Michelle Rachal, and Patrick Ragains -- Best practices in information literacy instruction in health science education : case study of developing an information literacy program in a college of medicine / Suzanne Shurtz and Laura Ferguson -- Developing, teaching, and revising a credit-bearing information literacy course : research in the information age / Patrick Ragains -- Building bridges for student success / Cindy A. Gruwell -- Right on time : best practice in one-shot instruction / Heidi Buchanan and Beth McDonough -- The role of the flipped classroom in information literacy programs / Sara Arnold-Garza -- Visual literacy / Benjamin R. Harris -- Information and scientific literacy support : aligning instruction with standards and frames to prepare students for research and lifelong learning / Michele R. Tennant, Mary E. Edwards, Hannah F. Norton, and Sara Russell Gonzalez -- Diving into data : developing data fluency for librarians / Scott Martin and Jo Angela Oehrli -- Teaching spatial literacy : location, distance, and scale / Eva Dodsworth and Larry Lalibert�e -- Best practices for teaching with primary sources : a case study / Ellen Swain -- Digitizing history : a new course that brings history to wider audiences / Patrick Ragains. |
| 650 #7 - SUBJECT ADDED ENTRY--TOPICAL TERM | |
| Topical term or geographic name as entry element | Information literacy |
| General subdivision | Study and teaching (Higher) |
| Geographic subdivision | United States. |
| Source of heading or term | BUEsh |
| 9 (RLIN) | 41214 |
| 650 #7 - SUBJECT ADDED ENTRY--TOPICAL TERM | |
| Topical term or geographic name as entry element | Research |
| General subdivision | Methodology |
| -- | Study and teaching (Higher) |
| Geographic subdivision | United States. |
| Source of heading or term | BUEsh |
| 9 (RLIN) | 41215 |
| 650 #7 - SUBJECT ADDED ENTRY--TOPICAL TERM | |
| Topical term or geographic name as entry element | Academic libraries |
| General subdivision | Relations with faculty and curriculum |
| Geographic subdivision | United States. |
| Source of heading or term | BUEsh |
| 9 (RLIN) | 41216 |
| 651 ## - SUBJECT ADDED ENTRY--GEOGRAPHIC NAME | |
| Source of heading or term | BUEsh |
| 653 ## - INDEX TERM--UNCONTROLLED | |
| Resource For college | Generalities |
| Arrived date list | September2016 |
| 700 1# - ADDED ENTRY--PERSONAL NAME | |
| Personal name | Ragains, Patrick |
| Relator term | editor. |
| 9 (RLIN) | 41212 |
| 700 1# - ADDED ENTRY--PERSONAL NAME | |
| Personal name | Wood, M. Sandra |
| Relator term | editor. |
| 9 (RLIN) | 41213 |
| 942 ## - ADDED ENTRY ELEMENTS (KOHA) | |
| Source of classification or shelving scheme | Dewey Decimal Classification |
| Edition | 22 |
| Call number prefix | 028.7071173 NEW |
| Withdrawn status | Item status | Source of classification or shelving scheme | Damaged status | Not for loan | Vendor | Home library | Current library | Shelving location | Date acquired | Source of acquisition | Cost, normal purchase price | Total Checkouts | Total Renewals | Full call number | Barcode | Checked out | Date last seen | Date last borrowed | Koha item type |
|---|---|---|---|---|---|---|---|---|---|---|---|---|---|---|---|---|---|---|---|
| Dewey Decimal Classification | Baccah | Central Library | Central Library | Lower Floor | 25/09/2016 | Purchase | 430.00 | 3 | 25 | 028.7071173 NEW | 000033501 | 19/05/2026 | 05/09/2021 | 05/09/2021 | Book - Borrowing |